000 00813cam a2200229 a 4500
001 1069852
005 20251105133755.0
008 910501s1992 nyua 001 0 eng
020 _a0675222885
020 _a9780675222884
050 0 0 _aT385
_b.K489 1992
082 0 0 _a620/.0042/02855369
_220
100 1 _aKirkpatrick, James M.
245 1 4 _aThe AutoCAD book :
_bdrawing, modeling, and applications /
_cJames M. Kirkpatrick.
250 _a2nd ed.
260 _aNew York :
_bMerrill ;
_aToronto :
_bMaxwell Macmillan Canada ;
_aNew York :
_bMaxwell Macmillan International Pub. Group,
_cc1992.
300 _axiv, 558 p. :
_bill. ;
_c28 cm.
500 _aRev. ed. of: The AutoCAD textbook. 1989.
500 _aIncludes index.
700 1 _aKirkpatrick, James M.
_tAutoCAD textbook.
942 _2lcc
_cBK
_e2nd ed.
_n0
999 _c8068
_d8068